000 00336pab a2200145 454500
008 180718b1987 xxu||||| |||| 00| 0 eng d
100 _aFesler, James W.
245 _aReflections of a civil servant
260 _c1987
300 _a3-5
362 _aSummer
650 _aCivil Service - U.S.A.
773 _aBureaucrat
909 _a5854
999 _c5854
_d5854